[Event "FICGS W-ch st2 g03 email"]
[Site "FICGS email"]
[Date "2018.02.01"]
[Round "1"]
[White "Grammatica, Andrea"]
[Black "Grynyuk, Vasyl"]
[Result "1/2-1/2"]
[WhiteElo "2165"]
[BlackElo "2145"]
[PlyCount "57"]
[EventDate "2018.??.??"]
[EventType "tourn (corr)"]
[EventRounds "8"]
[SourceTitle "Corr 2022"]
[Source "ChessBase"]
[SourceDate "2021.10.24"]
[SourceVersion "1"]
[SourceVersionDate "2021.10.24"]
[SourceQuality "1"]

1. d4 d5 2. c4 c6 3. Nf3 Nf6 4. e3 e6 5. b3 Nbd7 6. Bb2 b6 7. Bd3 Bb7 8. 0-0 Bd6 9. Nc3 0-0 10. Qc2 Qc7 11. Rfe1 Rfe8 12. h3 Rad8 13. Rac1 dxc4 14. bxc4 h6 15. Red1 a6 16. a4 c5 17. d5 Ne5 18. Nxe5 Bxe5 19. e4 Bc8 20. Rb1 Bd7 21. Ne2 exd5 22. exd5 Rb8 23. Bxe5 Qxe5 24. Nc3 a5 25. Re1 Qf4 26. Rxe8+ Rxe8 27. Qc1 Qd4 28. Bf1 Rb8 29. Nb5 1/2-1/2

[Event "FICGS W-ch st2 g03 email"]
[Site "FICGS email"]
[Date "2018.02.01"]
[Round "1"]
[White "Grynyuk, Vasyl"]
[Black "Kireev, Sergey Ivanovich"]
[Result "1/2-1/2"]
[WhiteElo "2145"]
[BlackElo "2213"]
[PlyCount "50"]
[EventDate "2018.??.??"]
[EventType "tourn (corr)"]
[EventRounds "8"]
[SourceTitle "Corr 2022"]
[Source "ChessBase"]
[SourceDate "2021.10.24"]
[SourceVersion "1"]
[SourceVersionDate "2021.10.24"]
[SourceQuality "1"]

1. e4 c5 2. Nf3 d6 3. d4 cxd4 4. Nxd4 Nf6 5. Nc3 a6 6. Be3 e6 7. f3 b5 8. g4 h6 9. Qd2 Nbd7 10. 0-0-0 b4 11. Nce2 Qc7 12. h4 d5 13. Bf4 e5 14. Bh2 dxe4 15. g5 hxg5 16. hxg5 Rxh2 17. Rxh2 exd4 18. Rh4 Ng4 19. Rxg4 Nc5 20. Rh4 d3 21. Nd4 Bb7 22. Qxb4 0-0-0 23. Rh8 Ne6 24. Rxf8 Nxf8 25. c3 a5 1/2-1/2

[Event "FICGS class A 000180 email"]
[Site "FICGS email"]
[Date "2017.08.13"]
[Round "1"]
[White "Grynyuk, Vasyl"]
[Black "Jabot, Daniel"]
[Result "1-0"]
[WhiteElo "2086"]
[BlackElo "2127"]
[PlyCount "151"]
[EventDate "2017.??.??"]
[EventType "tourn (corr)"]
[EventRounds "6"]
[SourceTitle "Corr 2022"]
[Source "ChessBase"]
[SourceDate "2021.10.24"]
[SourceVersion "1"]
[SourceVersionDate "2021.10.24"]
[SourceQuality "1"]

1. e4 c5 2. Nf3 d6 3. d4 cxd4 4. Nxd4 Nf6 5. Nc3 a6 6. Be3 e6 7. f3 h5 8. Qd2 Nbd7 9. Bc4 Ne5 10. Bb3 Qc7 11. 0-0-0 Be7 12. h3 b5 13. g4 Nc4 14. Bxc4 Qxc4 15. Kb1 b4 16. Na4 Rb8 17. g5 Nh7 18. b3 Qc7 19. f4 g6 20. Qd3 Bd7 21. Nxe6 Bxe6 22. f5 Bc8 23. fxg6 fxg6 24. e5 Bf5 25. exd6 Bxd6 26. Qxd6 Bxc2+ 27. Kb2 Qxd6 28. Rxd6 Bf5 29. Nc5 a5 30. Rf1 Rf8 31. h4 Rf7 32. Bf4 Re7 33. Rxg6 Bxg6 34. Bxb8 Re2+ 35. Ka1 Nf8 36. Bc7 Nd7 37. Nb7 Ne5 38. Nxa5 Nd3 39. Bg3 Ke7 40. Nc4 Bh7 41. Rf3 Rc2 42. Rf1 Re2 43. Rh1 Rg2 44. Bd6+ Ke6 45. a3 bxa3 46. Bxa3 Rf2 47. Nb2 Nxb2 48. Bxb2 Rf3 49. Ka2 Bg8 50. Rc1 Kd6 51. Rc3 Rf4 52. Rd3+ Kc5 53. Ba3+ Kb5 54. Rd8 Be6 55. Rb8+ Kc6 56. Rb4 Rf2+ 57. Bb2 Kc5 58. Ra4 Rf3 59. Ba3+ Kb5 60. Rb4+ Kc6 61. Bb2 Bf7 62. Ka3 Rh3 63. Bf6 Kd5 64. Bd8 Be8 65. Kb2 Rh2+ 66. Kc3 Rh3+ 67. Kd2 Kc6 68. Bf6 Bg6 69. Be7 Rh2+ 70. Ke1 Rh3 71. Kf2 Rh2+ 72. Kg3 Re2 73. Bd8 Bb1 74. Bb6 Re8 75. Bf2 Bd3 76. Rd4 1-0

[Event "FICGS class A 000180 email"]
[Site "FICGS email"]
[Date "2017.08.13"]
[Round "1"]
[White "Pandey, Manoj"]
[Black "Grynyuk, Vasyl"]
[Result "1-0"]
[WhiteElo "2000"]
[BlackElo "2086"]
[PlyCount "59"]
[EventDate "2017.??.??"]
[EventType "tourn (corr)"]
[EventRounds "6"]
[SourceTitle "Corr 2022"]
[Source "ChessBase"]
[SourceDate "2021.10.24"]
[SourceVersion "1"]
[SourceVersionDate "2021.10.24"]
[SourceQuality "1"]

1. e4 e5 2. Nf3 Nc6 3. Bb5 a6 4. Ba4 Nf6 5. 0-0 Be7 6. Re1 b5 7. Bb3 d6 8. c3 0-0 9. h3 Na5 10. Bc2 c5 11. d4 Qc7 12. Nbd2 cxd4 13. cxd4 Nc6 14. Nb3 a5 15. Be3 a4 16. Nbd2 Be6 17. a3 Bd7 18. Bd3 Qb7 19. b4 axb3 20. Qxb3 exd4 21. Nxd4 Rfb8 22. Rab1 Nxd4 23. Bxd4 Qa6 24. Nf3 Qxa3 25. Qc2 h6 26. e5 dxe5 27. Nxe5 Rc8 28. Qe2 Be8 29. Ng4 Nxg4 30. Qxg4 1-0

[Event "FICGS class A 000180 email"]
[Site "FICGS email"]
[Date "2017.08.13"]
[Round "1"]
[White "Pareschi, Remo"]
[Black "Grynyuk, Vasyl"]
[Result "1/2-1/2"]
[WhiteElo "2051"]
[BlackElo "2086"]
[PlyCount "71"]
[EventDate "2017.??.??"]
[EventType "tourn (corr)"]
[EventRounds "6"]
[SourceTitle "Corr 2022"]
[Source "ChessBase"]
[SourceDate "2021.10.24"]
[SourceVersion "1"]
[SourceVersionDate "2021.10.24"]
[SourceQuality "1"]

1. d4 d5 2. Bf4 Nf6 3. Nf3 c5 4. c3 Nc6 5. e3 Qb6 6. b3 g6 7. dxc5 Qxc5 8. b4 Qb6 9. Nbd2 Bg7 10. b5 Na5 11. Be5 0-0 12. Bd4 Qe6 13. Rc1 b6 14. h4 a6 15. a4 axb5 16. Bxb5 Ba6 17. 0-0 Bxb5 18. axb5 Rac8 19. Re1 Rfe8 20. Qa4 Ne4 21. Ng5 Nxg5 22. hxg5 Bxd4 23. exd4 Qg4 24. Re5 Qd7 25. Re3 e6 26. Qd1 Nc4 27. Nxc4 Rxc4 28. Ra1 Qxb5 29. Ra7 Rec8 30. Qg4 Qe8 31. Qf4 Rxc3 32. Rxc3 Rxc3 33. Rb7 b5 34. g3 Rc8 35. Kg2 b4 36. Rxb4 1/2-1/2

[Event "FICGS rapid A 000202 email"]
[Site "FICGS email"]
[Date "2017.06.16"]
[Round "1"]
[White "Grynyuk, Vasyl"]
[Black "Sorbi, Luca"]
[Result "1-0"]
[WhiteElo "1982"]
[BlackElo "2039"]
[PlyCount "157"]
[EventDate "2017.??.??"]
[EventType "tourn (rapid)"]
[EventRounds "6"]
[SourceTitle "Corr 2022"]
[Source "ChessBase"]
[SourceDate "2021.10.24"]
[SourceVersion "1"]
[SourceVersionDate "2021.10.24"]
[SourceQuality "1"]

1. e4 e5 2. Nf3 Nf6 3. Nxe5 d6 4. Nf3 Nxe4 5. d4 d5 6. Bd3 Nc6 7. 0-0 Be7 8. c4 Nb4 9. Be2 0-0 10. Nc3 Bf5 11. a3 Nxc3 12. bxc3 Nc6 13. Re1 Re8 14. cxd5 Qxd5 15. Bf4 Rac8 16. h3 h6 17. g4 Bg6 18. Bd3 Bxd3 19. Qxd3 Qd7 20. d5 Bf6 21. Rab1 Rxe1+ 22. Rxe1 Ne7 23. c4 Ng6 24. Bg3 b6 25. Qe4 Rd8 26. Nd4 Bxd4 27. Qxd4 Nf8 28. Qe4 b5 29. Rd1 c6 30. d6 Ne6 31. cxb5 cxb5 32. Kh2 Rc8 33. Qd5 Rc5 34. Qa8+ Rc8 35. Qe4 a5 36. Qd5 a4 37. Qd3 Rc5 38. Qe4 Rc8 39. Qd5 Rc3 40. Qa8+ Rc8 41. Qf3 Ng5 42. Qe2 Qc6 43. Rd3 Ne6 44. Qd1 Rd8 45. h4 Rb8 46. f3 Qd7 47. Qd2 Rc8 48. h5 Rc4 49. Kh3 Ng5+ 50. Kg2 Ne6 51. Kh2 Nf8 52. Bf2 Rc8 53. Rd5 Qb7 54. Bc5 Qd7 55. Kg3 Ne6 56. Bb4 Rc4 57. Rd3 Kf8 58. Rc3 Rxc3 59. Qxc3 Kg8 60. Qd2 Qa7 61. Kg2 Qd7 62. Qd1 Nf8 63. Qd5 Ne6 64. Qa8+ Kh7 65. Kf2 f6 66. Qd5 Qa7+ 67. Ke1 Qe3+ 68. Kd1 Nf8 69. Kc2 Qf2+ 70. Bd2 Qa7 71. Qxb5 Qa8 72. Ba5 Qa7 73. Kc3 Kh8 74. Qd5 Qb8 75. d7 Nxd7 76. Qxd7 Qb3+ 77. Kd2 Qb2+ 78. Kd1 Qa1+ 79. Ke2 1-0

[Event "FICGS rapid B 000250 email"]
[Site "FICGS email"]
[Date "2017.05.07"]
[Round "1"]
[White "Cirulis, Ilmars"]
[Black "Grynyuk, Vasyl"]
[Result "0-1"]
[WhiteElo "2031"]
[BlackElo "1982"]
[PlyCount "76"]
[EventDate "2017.??.??"]
[EventType "tourn (rapid)"]
[EventRounds "6"]
[SourceTitle "Corr 2022"]
[Source "ChessBase"]
[SourceDate "2021.10.24"]
[SourceVersion "1"]
[SourceVersionDate "2021.10.24"]
[SourceQuality "1"]

1. b4 e5 2. a3 d5 3. Bb2 Bd6 4. Nf3 Qe7 5. c4 dxc4 6. e3 Nf6 7. Bxc4 0-0 8. Nc3 c6 9. Qc2 Nbd7 10. Ng5 Nb6 11. Bd3 h6 12. Nge4 Nxe4 13. Nxe4 Rd8 14. 0-0 Bc7 15. Rac1 Nd5 16. Rfe1 Bb6 17. Ng3 a6 18. Nf5 Qe8 19. Rb1 a5 20. Bc4 Bc7 21. Rec1 axb4 22. axb4 Nxb4 23. Nxh6+ gxh6 24. Qg6+ Kf8 25. Qxh6+ Kg8 26. e4 Rd6 27. Qg5+ Kf8 28. Qxe5 Qxe5 29. Bxe5 c5 30. Bb5 Rc6 31. Bxc7 Rxc7 32. Rxb4 cxb4 33. Rxc7 b3 34. f4 b2 35. Bd3 b5 36. Kf2 Be6 37. Rb7 Bc4 38. Bc2 Rc8 0-1

[Event "FICGS rapid B 000250 email"]
[Site "FICGS email"]
[Date "2017.05.07"]
[Round "1"]
[White "Grynyuk, Vasyl"]
[Black "Daanen, Aard"]
[Result "1-0"]
[WhiteElo "1982"]
[BlackElo "2035"]
[PlyCount "57"]
[EventDate "2017.??.??"]
[EventType "tourn (rapid)"]
[EventRounds "6"]
[SourceTitle "Corr 2022"]
[Source "ChessBase"]
[SourceDate "2021.10.24"]
[SourceVersion "1"]
[SourceVersionDate "2021.10.24"]
[SourceQuality "1"]

1. e4 e5 2. Nf3 Nc6 3. Bb5 a6 4. Ba4 Nf6 5. 0-0 Be7 6. Re1 b5 7. Bb3 d6 8. c3 0-0 9. h3 Re8 10. d4 Bb7 11. Nbd2 Bf8 12. a4 Qd7 13. axb5 axb5 14. Rxa8 Bxa8 15. d5 Ne7 16. Nf1 h6 17. N3h2 c6 18. Ng4 Nxg4 19. hxg4 cxd5 20. exd5 Bb7 21. f3 Ra8 22. Be3 Ng6 23. Ng3 Be7 24. Rf1 Bd8 25. Ne4 Nh4 26. Qd3 f5 27. gxf5 Nxf5 28. Bf2 h5 29. Bc2 1-0

[Event "FICGS rapid B 000250 email"]
[Site "FICGS email"]
[Date "2017.05.07"]
[Round "1"]
[White "Grynyuk, Vasyl"]
[Black "Sternik, Ryszard"]
[Result "1-0"]
[WhiteElo "1982"]
[BlackElo "1780"]
[PlyCount "105"]
[EventDate "2017.??.??"]
[EventType "tourn (rapid)"]
[EventRounds "6"]
[SourceTitle "Corr 2022"]
[Source "ChessBase"]
[SourceDate "2021.10.24"]
[SourceVersion "1"]
[SourceVersionDate "2021.10.24"]
[SourceQuality "1"]

1. e4 c5 2. Nf3 d6 3. d4 cxd4 4. Nxd4 Nf6 5. Nc3 a6 6. Be3 e5 7. Nb3 Be6 8. f3 Be7 9. Qd2 0-0 10. 0-0-0 Nbd7 11. g4 b5 12. g5 b4 13. Ne2 Ne8 14. f4 a5 15. f5 Bxb3 16. cxb3 a4 17. bxa4 Rxa4 18. Kb1 Rxa2 19. Nc1 Ra8 20. Nb3 Qb8 21. Bc4 Nb6 22. Bxb6 Qxb6 23. f6 Bd8 24. fxg7 Nxg7 25. Rhg1 d5 26. Qxd5 Bc7 27. Qd3 Rad8 28. Qf3 Ne6 29. Qf5 Nf4 30. Rc1 Kg7 31. Rgf1 Qg6 32. Bb5 Bb8 33. Nc5 Rd4 34. h4 Rfd8 35. Bc4 Rf8 36. Bb3 Bd6 37. Nd7 Qxf5 38. exf5 Rd8 39. Nf6 Nd3 40. Rcd1 e4 41. Nxe4 Be5 42. f6+ Kf8 43. Rf3 Nxb2 44. Rxd4 Rxd4 45. Nc5 Nd1 46. Rf5 Nc3+ 47. Kc2 Bg3 48. h5 Rd6 49. Rf1 Nd5 50. Ra1 Nc7 51. Ne4 Rc6+ 52. Kd3 Bf4 53. g6 1-0